000 00903nam a22002415i 4500
001 151900
003 ES-MaACL
005 20230906204434.0
008 960409s1845 sp |||| | spa d
040 _aCYL
_bspa
_cCYL
080 _a347.97/.99
100 1 _aBentham, Jeremy.
_927787
245 1 0 _aDe la organización judicial y de la codificación /
_cextractados de varias obras de Jeremías Bentham por E. Dumont.
260 _aMadrid :
_b[s.n.],
_c1845 (
_fImprenta de la Sociedad Literaria y Tipográfica)
300 _aIX, 175, VIII, 66 p. ;
_c22 cm.
490 1 _aBiblioteca de Jurisprudencia y Legislación
597 _aEncuadernado con otras obras.
650 0 4 _aAdministración de justicia.
_99620
700 1 _aDumont, Etienne.
_9126869
830 0 _aBiblioteca de Jurisprudencia y Legislación
_9187709
852 _aES-MaACL
_jE-13128(1)
_z-- Enc. hol.
999 _c151900
_d151900